Measuring financial development in Sub-Saharan Africa

Saved in:
Bibliographic Details
Main Author: Gelbard, Enrique A.
Other Authors: Leite, Sérgio Pereira
Format: Book
Language:English
Published: Washington International Monetary Fund 1999
Series:IMF Working Paper WP/99/105
Subjects:
Tags: Add Tag
No Tags, Be the first to tag this record!

MARC

LEADER 00000nam a2200000 4500
001 c123718
005 20221221082934.8
041 0 |a eng 
044 |a US 
245 1 0 |a Measuring financial development in Sub-Saharan Africa  |c Enrique A. Gelbard, Sérgio Pereira Leite 
264 1 |a Washington  |b International Monetary Fund  |c 1999 
300 |a 28 s. 
490 1 |a IMF Working Paper  |v WP/99/105 
830 0 |a IMF Working Paper  |v WP/99/105 
610 2 0 |a financie 
610 2 0 |a krajiny rozvojové 
610 2 0 |a Afrika 
610 2 0 |a rozvoj hospodársky 
610 2 0 |a liberalizácia 
610 2 0 |a nástroje finančné 
610 2 0 |a rast hospodársky 
610 2 0 |a vývoj menový 
610 2 0 |a politika finančná 
100 1 |a Gelbard, Enrique A. 
700 1 |a Leite, Sérgio Pereira